000 01002nam a2200325 i 4500
001 bg
003 KOSZ 005
005 20200529142357.0
008 981119s1998 pl a f f |001 0 pol
015 _aPB 1998/15585
020 _a830112640X
035 _a(OCoLC)749314116
040 _aWA N
_cKOSZ 005/HR
_dKOSZ 005/HR
041 0 _apol
080 _a620.17
080 _a539.4
080 _a(075.8)
100 1 _aNeimitz, Andrzej
_d(1947- )
_eAutor
245 1 0 _aMechanika pękania /
_cAndrzej Neimitz.
260 _aWarszawa :
_bWydaw. Naukowe PWN,
_c1998.
300 _a436 s. :
_b2 fot., rys., wykr. ;
_c24 cm.
380 _aKsiążki.
504 _aBibliogr. s. 420-432. - Indeks.
658 _aInżynieria i technika
655 4 _aPodręczniki akademickie
650 4 _aPękanie
710 2 _aWydawnictwo Naukowe PWN
_4pbl.
856 _uhttp://koha.tu.koszalin.pl/cgi-bin/koha/opac-detail.pl?biblionumber=33761
_yKatalog online BPK
942 _2UKD
_cKS
999 _c33761
_d33761